Présidents des USA - Statistiques

Statistiques générales
  • Ce quiz a été pris 1 131 fois
  • Le résultat moyen est 20 sur 48
Statistiques - réponses
Réponses % Correct
2017Donald Trump
98%
2025Donald Trump
98%
2009 Barack H. Obama
96%
2021Joe Biden
92%
1789 George Washington
87%
1989 George Bush
87%
2001 George W. Bush
87%
1961John Kennedy
83%
1861 Abraham Lincoln
76%
1993 William Clinton
76%
1933 Franklin Delano Roosevelt
73%
1901 Théodore Roosevelt
72%
1981 Ronald Reagan
68%
1969 Richard Nixon
66%
1945 Harry Truman
57%
1953 Dwight David Eisenhower
55%
1977 James Carter
49%
1865 Andrew Johnson
48%
1963 Lyndon Johnson
48%
1974 Gerald Ford
46%
1801 Thomas Jefferson
44%
1929 Herbert Hoover
35%
1797 John Adams
34%
1825 John Quincy Adams
34%
1913 Woodrow Wilson
33%
1817 James Monroe
26%
1829 Andrew Jackson
25%
1809 James Madison
23%
1869 Ulysses Grant
23%
1885Grover Cleveland
20%
1893 Grover Cleveland
20%
1841 William Harrison
19%
1889 Benjamin Harrison
19%
1881 James Garfield
18%
1923Calvin Coolidge
17%
1909 William Taft
16%
1837 Martin Van Buren
15%
1897 William McKinley
14%
1921 Warren Harding
14%
1841 James Tyler
13%
1845 James Polk
13%
1857 James Buchanan
13%
1857 James Buchanan
13%
1877 Rutherford Hayes
13%
1881 Chester Arthur
13%
1849 Zachary Taylor
12%
1850 Millard Fillmore
11%
1853 Franklin Pierce
10%
Aucun quiz correspondant
Distribution des résultats
% des personnes avec chaque résultat
Percentile par nombre de réponses
Votre historique - résultats
Vous n’avez pas pris ce quiz